000 00354nam a22001217a 4500
082 _a220 PRO
100 _aJUNAID,UZAIR,BILAL
_972242
245 _aPR-SOF-1157-DESIGNING MANUFACTURING AND TESTING OF AN OLYMPIC KAYAK
260 _aISLAMABAD
_bNUST COLLEGE OF EME
_c2012
650 _a DE-MECH-30
_972243
700 _aDR RIZWAN SAEED
_971702
942 _cCR
999 _c578363
_d578363